1601 1869 1140 1502 1551 1846 1118 1475 1413 1243 1075 1569 1506 1892 1430 1323 1778 1656 1865 1261 1280 1991 1358 1267 1375 1836 1705 1286 1435 1266 1935 1896 1782 1631 1708 1062 1000 1387 1518 1130 1164 1342 1371 1079 1806 1671 1936 1453 1117 1364 1978 1814 1480 1337 1856 1892 1433 1889 1863 1611 1314 1409 1848 1968 1948 1792 1760 1904 1807 1238 1708 1682 1363 1947 1540 1895 1839 1103 1166 1653 1404 1039 1049 1403 1183 1518 1771 1031 1772 1360 1535 1164 1559 1060 1340 1840 1156 1907 1822 BCNSPRNW ULIB Ver.6.0+V

เปลี่ยนเป็นภาษาไทย

Change to English
 แสดงรายละเอียดบรรณานุกรม
  กลับหน้าหลัก

Brief Record : Get Marc (ISO 2709) : E-mail record : QR code < ปิดหน้าต่าง
LEADER : 00000nam 2200000uu 4500
001    13399113999
003     ULIB
008    120125s2552||||th 000 0 tha d
020    ^a9786117097027
090    ^aนว.^bล125ป 2552
100 0  ^aลมหายใจเทพยดา
245 00 ^aThe X mas Bless ปิ๊งรักสุดเฮ้ว กับ หนุ่มเอลฟ์สุดซ่า/^cลมหายใจเทพยดา
250    ^aพิมพ์ครั้งที่ 1
260    ^aกรุงเทพฯ :^bSimply Book Chill Out,^c2552
300    ^a192 หน้า
710 1  ^aSimply Book Chill Out
945    ^p155^l0^i15827
995    ^aกัณชพร
999    ^aใช้งานได้ทุกระบบ
รายการนี้ยังไม่มีแท็ก
คุณยังไม่ได้ล็อกอิน คุณสามารถมีกิจกรรมร่วมกับเว็บไซต์ได้ แต่ต้องล็อกอินก่อน ::
  ล็อกอิน

รายการสื่อสารสนเทศ

ลำดับที่ ประเภท เลขเรียก/บาร์โค้ด สถานที่ สถานะ
1. นวนิยาย
นวนิยาย
นว. ล125ป 2552  
  Barcode: 15827
ห้องสมุดวิทยาเขตสวรรค์ประชารักษ์
►นวนิยาย
บนชั้น
  ขอยืม

BibComment


ยังไม่เคยถูกคอมเมนท์

คอมเมนท์ทรัพยากรรายการนี้
  คอมเมนท์: The X mas Bless ..


 Copyright 2026. Bcnsprnw @Library